| 000 | 00643nac a22001811u 4500 | ||
|---|---|---|---|
| 010 | _a94010480 | ||
| 020 | _a8120322258 | ||
| 082 | 0 | 0 |
_a005.74 _bK932 |
| 090 |
_c582 _d582 |
||
| 100 | _aKroenke, David M. | ||
| 245 | 1 | 0 |
_aDatabase processing : _bfundamentals, design, and implementation / _cDavid M. Kroenke. |
| 260 |
_aNew Delhi: _bPrentice Hall of India, _cc2002. |
||
| 300 |
_a671 p. : _bill. ; _c31 cm. |
||
| 500 | _aIncludes index. | ||
| 650 | 0 | _aDatabase management. | |
| 942 |
_cBB _k005.74K932 |
||
| 999 |
_c582 _d582 |
||